| Поле | Название | Значение |
| |
Тип записи |
a |
| |
Библиографический уровень |
a |
| 001 |
Контрольный номер |
RU/CBS_Ul/BASE/516387900 |
| 005 |
Дата корректировки |
20240209175200.5 |
| 100 |
Данные общей обработки |
__ |
| a |
Данные общей обработки |
20160512d2016 ||| 0rusy0189 ca |
| 101 |
Язык документа |
0_ |
| a |
Язык текста |
rus |
| 102 |
Страна публикации |
__ |
| a |
Страна публикации |
RU |
| 105 |
Кодированные данные (монография) |
__ |
| a |
Кодированные данные (монография) |
y###||||000|y |
| 200 |
Заглавие и сведения об ответственности |
1_ |
| a |
Заглавие |
Вперед, разведчики недр! |
| b |
Общее обозначение материала |
Текст |
| e |
Сведения, относящиеся к заглавию |
[виртуальное путешествие в мир необычных минералов и горных пород для учащихся 1-11 классов] |
| f |
Первые сведения об ответственности |
А. А. Васильева |
| 300 |
Общие примечания |
__ |
| a |
Общие примечания |
Ограничения по возрасту - 16+ |
| 320 |
Библиография |
__ |
| a |
Библиография |
Библиогр.: с. 47 |
| 461 |
Уровень набора |
_0 |
| 1 |
|
2000 |
| a |
|
Читаем, учимся, играем |
| 463 |
Уровень физической единицы |
_0 |
| 1 |
|
001RU/CBS_Ul/BASE/508615324 |
| 1 |
|
2000 |
| a |
|
№ 1 |
| v |
|
С. 43-47 |
| 1 |
|
210 |
| d |
|
2016 |
| 606 |
Тематические рубрики |
0_ |
| a |
Основная рубрика |
Земные недра - Сценарии |
| 610 |
Ключевые слова |
0_ |
| a |
Ключевые слова |
сценарии |
| a |
Ключевые слова |
сценарии по геологии |
| a |
Ключевые слова |
познавательные уроки |
| a |
Ключевые слова |
минералы |
| a |
Ключевые слова |
горные породы |
| a |
Ключевые слова |
полезные ископаемые |
| 686 |
Индексы других классификаций |
__ |
| a |
Классификационный индекс |
74.200.5 |
| 2 |
Код системы |
ББК |
| 700 |
Автор |
_1 |
| a |
Фамилия |
Васильева |
| b |
Имя (инициалы) |
А. А. |
| g |
Полное личное имя |
Анна Андреевна |
| 801 |
Источник записи |
_0 |
| a |
Страна |
RU |
| b |
Организация |
МБУК ЦБС г. Ульяновска |
| c |
Дата составления |
20160512 |
| g |
Правила каталогизации |
RCR |
| 801 |
Источник записи |
_1 |
| a |
Страна |
RU |
| b |
Организация |
МБУК ЦБС г. Ульяновска |
| c |
Дата составления |
20160512 |
| g |
Правила каталогизации |
RCR |
| 901 |
Тип документа |
__ |
| t |
Тип документа |
b |
| w |
Контрольный № источника |
RU/CBS_Ul/BASE/508615324 |
| 910 |
Корректоры записи |
__ |
| a |
Корректор записи |
Библиотека 27 |
| 938 |
Служебная информация |
__ |
| a |
Имя БД |
period |